000 00623nam a2200181Ia 4500
008 151018s9999 xx 000 0 und d
082 _bRBASDV4688
_a891.464
100 _aहरी नारायण आपटे
245 _aसुगरिणीचा संसार
250 _b5
260 _bआपटे आणि मंडळीÇ
_c1946
300 _a14
600 _aहरी नारायण आपटे
630 _aसुगरिणीचा संसार
700 _aहरी नारायण आपटे
730 _aसुगरिणीचा संसार
942 _cBOOK
999 _c1007074
_d1007071